[Event "FRA-ch U14 Girls"]
[Site "Troyes"]
[Date "2010.04.17"]
[Round "8"]
[White "Rigolot, Lucie"]
[Black "Abidi, Hasma"]
[Result "1-0"]
[WhiteElo "1900"]
[BlackElo "1740"]
[PlyCount "47"]
[EventDate "2010.04.11"]
[EventType "swiss"]
[EventRounds "9"]
[EventCountry "FRA"]
[SourceTitle "EXT 2012"]
[Source "ChessBase"]
[SourceDate "2011.11.24"]
[SourceVersion "1"]
[SourceVersionDate "2011.11.24"]
[SourceQuality "1"]

1. e4 e6 2. d4 d5 3. Nd2 Nf6 4. e5 Nfd7 5. f4 c5 6. c3 b6 7. Ndf3 Ba6 8. Bxa6 Nxa6 9. Ne2 Be7 10. 0-0 Qc7 11. f5 0-0-0 12. Bg5 Nf8 13. b4 cxb4 14. cxb4 Kb7 15. b5 Nb8 16. a4 h6 17. Bxe7 Qxe7 18. a5 Nfd7 19. Qa4 Ka8 20. fxe6 fxe6 21. Nf4 Nf8 22. axb6 Rd7 23. Nh4 g5 24. Nfg6 1-0

[Event "FRA-ch U14 Girls"]
[Site "Troyes"]
[Date "2010.04.13"]
[Round "4"]
[White "Dol, Cecile"]
[Black "Abidi, Hasma"]
[Result "1-0"]
[WhiteElo "1610"]
[BlackElo "1740"]
[PlyCount "95"]
[EventDate "2010.04.11"]
[EventType "swiss"]
[EventRounds "9"]
[EventCountry "FRA"]
[SourceTitle "EXT 2012"]
[Source "ChessBase"]
[SourceDate "2011.11.24"]
[SourceVersion "1"]
[SourceVersionDate "2011.11.24"]
[SourceQuality "1"]

1. e4 e6 2. d4 d5 3. e5 c5 4. c3 Qb6 5. a3 Nc6 6. Nf3 Bd7 7. Be2 cxd4 8. cxd4 Nh6 9. Nc3 Nf5 10. Na4 Qc7 11. b4 Ncxd4 12. Nxd4 Nxd4 13. Qxd4 Bxa4 14. b5 Bb3 15. Be3 Qa5+ 16. Bd2 Qa4 17. Qc3 Bc4 18. Bxc4 Qxc4 19. Qxc4 dxc4 20. Ke2 Rc8 21. Rhc1 Rc5 22. f4 Rc7 23. a4 Be7 24. Rc2 0-0 25. Rac1 Rfc8 26. Be3 b6 27. Bd2 h6 28. g3 Kh7 29. Bc3 Kg6 30. g4 f6 31. h3 f5 32. Kf3 Rd8 33. Ke2 Rd3 34. Rh1 Bc5 35. Bd2 Be7 36. Bc3 Rg3 37. Be1 Rg2+ 38. Kd1 Rd7+ 39. Rd2 Bb4 40. Rxd7 c3 41. Rc7 fxg4 42. Bxc3 Bc5 43. hxg4 Rxg4 44. Bd2 h5 45. Rc6 Kf7 46. Rxh5 Rg1+ 47. Kc2 Rg2 48. Rc7+ 1-0

[Event "FRA-ch U12 Girls"]
[Site "Aix les Bains"]
[Date "2009.04.20"]
[Round "2"]
[White "Thomas, Apolline"]
[Black "Abidi, Hasma"]
[Result "1-0"]
[WhiteElo "1440"]
[BlackElo "1660"]
[PlyCount "129"]
[EventDate "2009.04.19"]
[EventType "swiss"]
[EventRounds "9"]
[EventCountry "FRA"]
[SourceTitle "CBM 130 Extra"]
[Source "ChessBase"]
[SourceDate "2009.07.02"]
[SourceVersion "2"]
[SourceVersionDate "2009.07.15"]
[SourceQuality "1"]

1. e4 e6 2. d4 d5 3. exd5 exd5 4. Nf3 Nf6 5. Bg5 Be7 6. Nc3 Nbd7 7. Bd3 b6 8. 0-0 0-0 9. Re1 h6 10. Bh4 Bb7 11. Qe2 Re8 12. Qf1 c5 13. Ba6 Bxa6 14. Qxa6 Qc8 15. Qd3 cxd4 16. Qxd4 Qc5 17. Qd2 Rad8 18. Rad1 Nf8 19. Bxf6 Bxf6 20. Rxe8 Rxe8 21. Qxd5 Qxd5 22. Rxd5 Rc8 23. Rd3 Ne6 24. g3 Nc5 25. Re3 Rd8 26. Kf1 g5 27. h3 h5 28. Ke2 Ne6 29. Rd3 Nd4+ 30. Nxd4 Rxd4 31. Nd5 Bg7 32. Rxd4 Bxd4 33. c3 Be5 34. Kd3 b5 35. Ne7+ Kf8 36. Nc6 Bd6 37. Nxa7 b4 38. cxb4 Bxb4 39. Nc6 Bc5 40. Nd4 Ke7 41. Kc4 Bb6 42. b4 Kd6 43. a4 Ke5 44. Nf3+ Kf5 45. a5 Bxf2 46. b5 g4 47. hxg4+ hxg4 48. Nh4+ Ke4 49. b6 Bxg3 50. a6 Bxh4 51. a7 g3 52. a8Q+ Ke3 53. Qh1 Ke2 54. Qxh4 g2 55. Qh2 Kf1 56. b7 g1Q 57. Qxg1+ Kxg1 58. b8Q f5 59. Qf4 Kg2 60. Qxf5 Kg3 61. Kd3 Kh4 62. Qg6 Kh3 63. Ke3 Kh2 64. Kf2 Kh1 65. Qg2# 1-0